| 000 | 01000nam a2200277Ia 4500 | ||
|---|---|---|---|
| 003 | OSt | ||
| 005 | 20221005105255.0 | ||
| 006 | a|||||r|||| 00| 0 | ||
| 007 | ta | ||
| 008 | 221004b |||||||| |||| 00| 0 ben d | ||
| 020 |
_a9788170169048 (hbk) _c150 |
||
| 024 | _a21376 | ||
| 037 |
_b24017, 27/03/2015, Kitab Ghar _cTextual |
||
| 040 |
_aCRL _cCRL _bben |
||
| 041 |
_2ben _aben |
||
| 082 | _aO157,3N26,24, 152P0;Q2 | ||
| 100 | _aमहाश्वेता देवी | ||
| 245 | 0 | _aकैवर्तखंड | |
| 246 | _aKaivartakhanḍa | ||
| 260 |
_aनई दिल्ली _bकिताबघर भारत _c2012 |
||
| 300 |
_a99पृ0 _ccm. |
||
| 650 | _aबंगाली साहित्य | ||
| 700 | _a माहेश्वर, अनु. | ||
| 942 |
_hO157,3N26,24, 152P0;Q2 _cTEXL _2cc |
||
| 999 |
_c1015340 _d1015340 |
||